00560nam a22000977a 4500040000800000100003300008245028600041260002600327300002200353856008700375 cRUA aOUCH POV អ៊ូច ពៅ aCOMPARISON OF UREA FERTILIZER RATES ON GROWTH AND YIELD OF GREEN MUSTARD (BRASSICA JUNCEA .L). ការប្រៀបធៀបកម្រិតជីអ៊ុយរ៉េទៅលើការលូតលាស់និងទិន្នផលដំណាំស្ពៃខៀវ aPhnom PenhbRUAc2020 aIX.37PbVIIc29CM uhttps://drive.google.com/file/d/1gwqyQSa8sW0iLFm39e9AJQdsrSmJDgKe/view?usp=sharing